Rozpoznaj te 20 państw po prezydencie - Statystyki

Ogólne statystyki
  • Ten quiz został rozwiązany 206 razy
  • Średni wynik to 11 z 20
Statystyki odpowiedzi
Hint Odpowiedź % Poprawnych
Alaksandr Łukaszenka Białoruś
98%
Emmanuel Macron Francja
98%
Andrzej Duda Polska
97%
Władimir Putin Rosja
95%
Sergio Mattarella Włochy
83%
Zoran Milanović Chorwacja
70%
Marcelo Rebelo de Sousa Portugalia
63%
Jair Bolsonaro Brazylia
53%
Abd al-Fattah as-Sisi Egipt
47%
Kasym-Żomart Tokajew Kazachstan
47%
Mun Jae-in Korea Południowa
47%
Klaus Iohannis Rumunia
45%
Egils Levits Łotwa
42%
Rumen Radew Bułgaria
39%
Alar Karis Estonia
36%
Jicchak Herzog Izrael
33%
Uhuru Kenyatta Kenia
29%
Ram Nath Kovind Indie
27%
Ignazio Cassis Szwajcaria
26%
Abdul Hamid Bangladesz
9%
Nie znaleziono quizów pasujących do podanych kryteriów
Rozkład punktacji
Procent ludzi z każdym wynikiem
Percentyl według liczby udzielonych odpowiedzi
Twoja historia wyników
Nie rozwiązałeś tego quizu